| 000 | 00904aam a2200337a 44500 | ||
|---|---|---|---|
| 008 | 930106s1959 cat | ||
| 017 | _aB4397-1959 | ||
| 041 | _acat | ||
| 080 | _a796.51(038) | ||
| 100 |
_aSallarès, Joan _966601 |
||
| 245 | _aPrimer diccionari català d'excursionisme: I dels seus vocables afins de geografia, ciències naturals i de la vida del camp | ||
| 245 | _cJoan Sallarès | ||
| 260 | _aBarcelona | ||
| 260 | _bDalmau i Jover | ||
| 260 | _c1959 | ||
| 300 |
_a226 p. _c28 cm |
||
| 500 | _aCategoria gramatical | ||
| 500 | _aExemplar fotocopiat | ||
| 520 | _aaprox. 4.200 | ||
| 546 | _acatalà | ||
| 591 | _a640 | ||
| 592 | _aObra terminològica | ||
| 593 | _aVOC | ||
| 594 | _a640 | ||
| 650 |
_aexcursionisme _960657 |
||
| 901 | _c<1959> | ||
| 902 | _a930106 | ||
| 942 |
_cMO _n0 |
||
| 999 |
_c55451 _d55451 |
||